000
00254 a2200097 4500
001
53261
100
_a
Stephens, H S
245
_a
Wind energy systesms papers of international sympisume
260
_a
cranfield
_b
Bhra Publishing
_c
090
_c
33546
_d
33546
942
_a
NUST-CAE
_c
M
_c
26165
999
_c
288334
_d
288334